Countries Closest to San Francisco - Statistics

General Stats
  • This quiz has been taken 192 times
  • The average score is 19 of 20
Answer Stats
Distance (km) Distance (mi) Country % Correct
1,172 728 Canada
99%
756 469 Mexico
99%
0 0 United States
98%
3,775 2,346 Guatemala
97%
5,037 3,130 Panama
97%
4,699 2,920 Costa Rica
95%
3,991 2,840 Cuba
95%
4,144 2,575 El Salvador
95%
4,126 2,564 Honduras
95%
4,412 2,742 Nicaragua
95%
4,780 2,970 Jamaica
94%
3,911 2,430 Belize
93%
4,261 2,647 Bahamas
92%
4,825 2,998 Colombia / San Andres & Providencia
91%
5,101 3,169 Haiti
90%
4,452 2,766 United Kingdom / Cayman Islands
90%
5,245 3,259 Dominican Republic
88%
3,316 2,061 France / Clipperton Island
88%
5,063 3,146 Ecuador / Galapagos Islands
84%
4,300 2,672 Russia
79%
No matching quizzes found
Score Distribution
Percent of People with Each Score
Percentile by Number Answered
Your Score History
You have not taken this quiz